000 00685nam a2200289Ia 4500
005 20260324145204.0
008 008 260324s9999 xx 000 0 eng d
020 _a9781003380924
037 _aEBOOK
040 _aCRL
040 _beng
040 _cCRL
041 _2eng
041 _aeng
084 _qCRL
100 _aMiriam Slater
_91222071
245 0 _aFamily Life in the Seventeenth Century
245 4 _bThe Verneys of Claydon House
260 _bTaylor and Francis
260 _c1984
365 _a
365 _b160
856 _uhttp://www.taylorfrancis.com/books/9781003380924
942 _cEBOOK
999 _c1829638
_d1829638